90 secs World Countries: by Transits Distance 2 World Map whammies - Statistics

General Stats
  • This quiz has been taken 1,229 times
  • The average score is 95 of 155
Answers on the Map
Answers color-coded by a green-red scale on the quiz's map according to % correct below.
 
Answer Stats
Country % Correct
Germany
90%
Tajikistan
89%
Afghanistan
88%
Iran
88%
Laos
88%
Vietnam
88%
Czech Republic
87%
Kyrgyzstan
87%
Turkmenistan
87%
Uzbekistan
87%
Georgia
86%
Andorra
85%
Azerbaijan
85%
Hungary
85%
Slovakia
85%
South Korea
85%
Bhutan
84%
India
84%
Nepal
84%
Pakistan
84%
Poland
84%
Turkey
84%
Burma
83%
Estonia
83%
Ukraine
83%
Armenia
82%
Belarus
82%
Lithuania
82%
Monaco
82%
Romania
82%
Finland
81%
Latvia
81%
Luxembourg
81%
Moldova
81%
Norway
81%
Netherlands
80%
Spain
80%
Belgium
79%
France
79%
Italy
79%
Thailand
78%
Belize
77%
Guatemala
77%
Morocco
77%
Suriname
77%
Sweden
77%
Switzerland
77%
Venezuela
76%
Ecuador
75%
Bangladesh
74%
Guyana
74%
Kazakhstan
74%
North Korea
74%
Uruguay
74%
Brazil
73%
Cameroon
73%
Sri Lanka
73%
Colombia
72%
Paraguay
72%
Peru
72%
South Sudan
72%
Cambodia
71%
Chile
71%
El Salvador
71%
Ethiopia
71%
Panama
71%
Honduras
69%
Malawi
69%
Sudan
69%
Nigeria
68%
Tanzania
68%
Tunisia
68%
Canada
67%
Chad
67%
Mexico
67%
Uganda
67%
Argentina
66%
Egypt
66%
Gabon
66%
Russia
66%
Zambia
66%
Kenya
65%
Mongolia
65%
Bolivia
64%
Burundi
64%
Central African Republic
64%
Algeria
63%
Mozambique
63%
Rwanda
63%
Equatorial Guinea
62%
Botswana
61%
Namibia
60%
Zimbabwe
60%
Mauritania
59%
Benin
58%
Burkina Faso
58%
Eritrea
58%
Portugal
58%
Republic of the Congo
57%
Democratic Republic of the Congo
55%
Mali
55%
China
54%
Cote d'Ivoire
54%
Guinea
54%
Niger
54%
Angola
53%
Senegal
53%
Slovenia
53%
Austria
52%
Nicaragua
51%
Ghana
50%
Israel
50%
Liechtenstein
50%
Syria
50%
Denmark
49%
Jordan
49%
Libya
48%
Togo
48%
United States
47%
Kuwait
45%
United Kingdom
45%
Bulgaria
42%
San Marino
42%
Vatican City
42%
Iraq
40%
Greece
39%
Lebanon
39%
Swaziland
39%
Saudi Arabia
38%
Brunei
36%
Costa Rica
36%
Qatar
35%
South Africa
35%
Somalia
32%
United Arab Emirates
32%
Guinea-Bissau
30%
Liberia
30%
Yemen
30%
Gambia
29%
Croatia
28%
Djibouti
28%
Lesotho
28%
Oman
27%
Sierra Leone
27%
Serbia
26%
Indonesia
25%
Malaysia
25%
East Timor
21%
Macedonia
21%
Albania
19%
Kosovo
19%
Papua New Guinea
19%
Ireland
18%
Montenegro
18%
Bosnia and Herzegovina
14%
No matching quizzes found
Score Distribution
Percent of People with Each Score
Percentile by Number Answered
Your Score History
You have not taken this quiz